000 01162nam a2200301Ia 4500
001 33986
003 IT-RoPAU
008 130308s9999 xx 000 0 und d
040 _aIT-RoPAU
040 _cIT-RoPAU
041 _aFRANCESE
100 _aLaurentin René
100 _gCodice Aut. SPICS: 15018
245 _aComment reconcilier l'exegese et la foi
245 _bComment reconcilier L'Exegese et la Foi
250 _a1a ed.
260 _aPARIS
260 _bO.E.I.L.
260 _c1984 [1° Ed.:1984 - Ed.Ling.Originale:1984]
300 _a"216 p. (prefazione: no ; testo: 216)"
500 _aCome conciliare Esegesi e fede Nascita dell'Esegesi Scientifica Origine della Critica Critica Testuale e fede Interferenze tra fede e Critica Testuale Critica Letteraria Generi Letterari Nei capitoli 1 e 2 di Luca Critica Storica Studio e spiegazione del testo con la Storia Metodo Storico Critico Metodo Semiotico Aspetti della Semiotica Funzione e limite della Semiotica fede e Metodi Scientifici
650 _aSAGGI DI SEMIOLOGIA
650 _eCodice materia Spics: 3257
942 _cBK
957 _71
999 _c66196
_d66196
999 _bSI
999 _g1